000 00561nam a22001697a 4500
005 20251108175014.0
008 250721s2011 xx 000 0 ara d
082 1 4 _a371.334/خول
100 1 _aالخولي، محمد علي
_eمؤلف
245 1 0 _aتكامل المحتوى و التربية و التكنولوجيا /
264 1 _aعمان :
_bدار الفلاح للنشر،
_c2011.
650 1 7 _aطرق التعلم
650 1 7 _aأساليب التدريس
650 1 7 _aتكنولوجيا التعليم
942 _2ddc
_cBK
999 _c123741
_d123741